Indian Contract Act-1872 (Record no. 3791)

MARC details
000 -LEADER
fixed length control field 00364nam a22001577a 4500
005 - DATE AND TIME OF LATEST TRANSACTION
control field 20180412154315.0
008 - FIXED-LENGTH DATA ELEMENTS--GENERAL INFORMATION
fixed length control field 160624b xxu||||| |||| 00| 0 eng d
041 ## - LANGUAGE CODE
Language code of text/sound track or separate title eng
082 ## - DEWEY DECIMAL CLASSIFICATION NUMBER
Item number 9758
Classification number 348
100 ## - MAIN ENTRY--AUTHOR NAME
Personal name Shukla, T.N.
245 ## - TITLE STATEMENT
Title Indian Contract Act-1872
260 ## - PUBLICATION, DISTRIBUTION, ETC. (IMPRINT)
Name of publisher Kamal Law House
Year of publication 2009
300 ## - PHYSICAL DESCRIPTION
Number of Pages 84
650 ## - SUBJECT ADDED ENTRY--TOPICAL TERM
Topical Term Management
942 ## - ADDED ENTRY ELEMENTS (KOHA)
Koha item type Books
Holdings
Lost status Damaged status Home library Current library Shelving location Date acquired Cost, normal purchase price Full call number Accession Number Koha item type Collection code
    JRU Library JRU Library SHELF-31-C 24/06/2016 60.00 348 9758 Books  
    JRU Library JRU Library SHELF-31-C 24/06/2016 60.00 348 9759 Books LAW
    JRU Library JRU Library SHELF-31-C 24/06/2016 60.00 348 9760 Books LAW
    JRU Library JRU Library SHELF-31-C 24/06/2016 60.00 348 9761 Books LAW
    JRU Library JRU Library SHELF-31-C 24/06/2016 60.00 348 9762 Books LAW